000 01150cab a2200337 4500
001 ABS52374
008 090401t1995 xxu||||| |||| 00| 0 eng d
035 _a(Sirsi) u75104
041 _aeng
100 _aJohnson, D.
245 _aCosting future maintenance
260 _c1995
350 _a0
490 _aASI Journal
_v6(3) January 1995, 13-15(3)
520 _aExamines how to value property for the voluntary transfer of houses from local authority and other public sector agencies. The currently accepted method is that of net present value based on income stream over 30 years. However one area of this method needs detailed examiniation, the costing of future maintenance.
650 _aCOSTING
650 _aCOUNCIL HOUSING
650 _aFUTURE LIABILITY
650 _aFUTURE MAINTENANCE
650 _aHOUSING STOCK
650 _aINCOME STREAM
650 _aLAREG SCALE VOLUNTARY TRANSFER
650 _aLIFE CYCLE COSTING
650 _aNET PRESENT VALUE
650 _aTRANSFER
650 _aVALUATION ISSUES
690 _aRATING AND VALUATION
700 _aSinclair, W.S.
942 _n0
948 _c04/03/1997
999 _c47317
_d47317